[Event "Benidorm op U2000 12th"]
[Site "Benidorm"]
[Date "2013.12.04"]
[Round "7"]
[White "Haddad Filho, Paulo Ibrahim"]
[Black "Gomez Dieguez, Adrian"]
[Result "0-1"]
[WhiteElo "1940"]
[BlackElo "1999"]
[PlyCount "71"]
[EventDate "2013.11.29"]
[EventType "swiss"]
[EventRounds "10"]
[EventCountry "ESP"]
[SourceTitle "CBM 157 Extra"]
[Source "ChessBase"]
[SourceDate "2013.12.19"]
[SourceVersion "1"]
[SourceVersionDate "2013.12.19"]
[SourceQuality "1"]

1. d4 c5 2. c3 Nf6 3. Nf3 Qc7 4. g3 e6 5. Bg2 Be7 6. 0-0 0-0 7. Re1 cxd4 8. cxd4 b5 9. a3 Bb7 10. Nc3 Bc6 11. Bf4 Qb7 12. Bg5 a5 13. e4 b4 14. d5 bxc3 15. dxc6 Qxb2 16. cxd7 Ra7 17. Qa4 Nbxd7 18. Nd4 Nc5 19. Qc4 Rb8 20. Nc6 Rc7 21. Nxb8 e5 22. Bxf6 gxf6 23. Reb1 Qd2 24. Rd1 Qb2 25. Rab1 Qxa3 26. Rdc1 Ne6 27. Qe2 Nd4 28. Qg4+ Kh8 29. Na6 Rc6 30. Rb8+ Bf8 31. Rbb1 Rxa6 32. Bf1 Rc6 33. Qd7 Qe7 34. Qg4 Qc7 35. Bd3 Ba3 36. Bc2 0-1

[Event "Sanxenxo Carlos op 5th"]
[Site "Sanxenxo"]
[Date "2013.06.30"]
[Round "9"]
[White "Pazos Porta, Antonio"]
[Black "Gomez Dieguez, Adrian"]
[Result "1-0"]
[WhiteElo "2334"]
[BlackElo "1945"]
[PlyCount "111"]
[EventDate "2013.06.22"]
[EventType "swiss"]
[EventRounds "9"]
[EventCountry "ESP"]
[SourceTitle "CBM 155 Extra"]
[Source "ChessBase"]
[SourceDate "2013.08.26"]
[SourceVersion "1"]
[SourceVersionDate "2013.08.26"]
[SourceQuality "1"]

1. d4 Nc6 2. Nf3 d5 3. Nbd2 Nf6 4. g3 Bf5 5. c3 h6 6. Bg2 e6 7. 0-0 Bd6 8. c4 Qd7 9. a3 a5 10. b3 0-0 11. Bb2 Rfe8 12. Ne5 Qd8 13. Nxc6 bxc6 14. c5 Bf8 15. b4 axb4 16. axb4 Rxa1 17. Qxa1 Qb8 18. Qa4 e5 19. dxe5 Nd7 20. Bc3 Nxe5 21. Ra1 Qd8 22. Bd4 Qd7 23. e3 Bd3 24. Bxe5 Rxe5 25. Nf3 Re8 26. Nd4 g6 27. Qxc6 Qxc6 28. Nxc6 Bg7 29. Rd1 Bb5 30. Bxd5 Kf8 31. Nd4 Rb8 32. Rb1 Bd3 33. Rb3 Ba6 34. Nc6 Ra8 35. b5 Bc8 36. Kg2 Ra1 37. b6 cxb6 38. cxb6 Bb7 39. Nb4 Ra8 40. Bxb7 Rb8 41. Na6 Rxb7 42. Nc5 Re7 43. b7 Be5 44. b8Q+ Bxb8 45. Rxb8+ Kg7 46. Kf3 Rc7 47. Nd3 Ra7 48. e4 Ra3 49. Ke3 Ra4 50. Rb7 Kf6 51. e5+ Kg7 52. e6 Ra6 53. exf7 Re6+ 54. Kd4 Rf6 55. Ne5 Rxf2 56. Rb8 1-0

[Event "Mondariz op 10th"]
[Site "Mondariz"]
[Date "2012.08.30"]
[Round "6"]
[White "Salgado Gonzalez, Julio"]
[Black "Gomez Dieguez, Adrian"]
[Result "0-1"]
[WhiteElo "1852"]
[BlackElo "1785"]
[PlyCount "64"]
[EventDate "2012.08.25"]
[EventType "swiss"]
[EventRounds "8"]
[EventCountry "ESP"]
[SourceTitle "EXT 2014"]
[Source "ChessBase"]
[SourceDate "2013.11.20"]
[SourceVersion "1"]
[SourceVersionDate "2013.11.20"]
[SourceQuality "1"]

1. d4 Nf6 2. Nf3 c5 3. d5 b5 4. a4 Bb7 5. axb5 Bxd5 6. Nc3 Bb7 7. Bf4 d5 8. e3 e6 9. Be2 Nbd7 10. 0-0 Be7 11. b3 Nh5 12. Bg3 Nxg3 13. hxg3 Bf6 14. Qd2 0-0 15. Ra2 Qc7 16. Rd1 Nb6 17. Na4 a6 18. Nxb6 Qxb6 19. bxa6 Bxa6 20. Bxa6 Rxa6 21. Rxa6 Qxa6 22. Qd3 c4 23. Qe2 Rc8 24. e4 dxe4 25. Qxe4 h6 26. Rd7 cxb3 27. cxb3 Qb5 28. Rb7 Rc1+ 29. Kh2 Qh5+ 30. Nh4 g5 31. Rb8+ Kg7 32. Qa8 gxh4 0-1

[Event "Mondariz op 10th"]
[Site "Mondariz"]
[Date "2012.08.29"]
[Round "5"]
[White "Torrallardona Raventos, Marsial"]
[Black "Gomez Dieguez, Adrian"]
[Result "0-1"]
[WhiteElo "1695"]
[BlackElo "1785"]
[PlyCount "54"]
[EventDate "2012.08.25"]
[EventType "swiss"]
[EventRounds "8"]
[EventCountry "ESP"]
[SourceTitle "EXT 2014"]
[Source "ChessBase"]
[SourceDate "2013.11.20"]
[SourceVersion "1"]
[SourceVersionDate "2013.11.20"]
[SourceQuality "1"]

1. e4 Nc6 2. d4 e5 3. d5 Nce7 4. f4 exf4 5. Bxf4 Ng6 6. Bg3 Bc5 7. Nc3 d6 8. Nf3 Nf6 9. Qd3 0-0 10. a3 a6 11. Be2 Re8 12. 0-0-0 Bd7 13. Nd2 b5 14. Bf3 Qb8 15. Nb3 Bb6 16. Rhf1 a5 17. Nxb5 Bxb5 18. c4 Ba4 19. Rd2 Bxb3 20. Qxb3 Nd7 21. Qc2 Be3 22. Bg4 Nde5 23. Bf5 Qb6 24. Kd1 Bxd2 25. Qxd2 Nxc4 26. Bxg6 Nxd2 27. Bxf7+ Kh8 0-1

[Event "ESP-ch U14"]
[Site "Salobrena"]
[Date "2012.07.12"]
[Round "6"]
[White "Gomez Dieguez, Adrian"]
[Black "Medina Masdeu, Rasen"]
[Result "0-1"]
[WhiteElo "1801"]
[BlackElo "1923"]
[PlyCount "88"]
[EventDate "2012.07.09"]
[EventType "swiss"]
[EventRounds "9"]
[EventCountry "ESP"]
[SourceTitle "EXT 2014"]
[Source "ChessBase"]
[SourceDate "2013.11.20"]
[SourceVersion "1"]
[SourceVersionDate "2013.11.20"]
[SourceQuality "1"]

1. e4 c5 2. Nf3 g6 3. Nc3 Bg7 4. d4 cxd4 5. Nxd4 Nc6 6. Nde2 Nf6 7. g3 0-0 8. Bg2 d6 9. 0-0 Bd7 10. a4 Rc8 11. Nd5 Nxd5 12. exd5 Na5 13. Ra2 Qc7 14. b3 b6 15. c4 Nb7 16. Be3 Nc5 17. Bd4 h5 18. Re1 Rce8 19. Bxg7 Kxg7 20. Nd4 Na6 21. Rae2 Bc8 22. Nc6 e5 23. dxe6 Rxe6 24. Bd5 Rxe2 25. Rxe2 Be6 26. Qd4+ Kh7 27. Qf6 Re8 28. Nd4 Nc5 29. b4 Nd7 30. Qf4 Ne5 31. Nb5 Qd7 32. Nxd6 Qxd6 33. Qxe5 Qxb4 34. h4 Qxa4 35. Kh2 Qd1 36. Re1 Qd2 37. Re2 Qd3 38. Be4 Qxc4 39. Qxh5+ Kg7 40. Qf3 Qb3 41. Qf4 Qb5 42. Bf3 Rd8 43. h5 Qf5 44. Qc7 Qh3+ 0-1

[Event "ESP-ch U14"]
[Site "Padron"]
[Date "2011.07.12"]
[Round "2"]
[White "Gomez Dieguez, Adrian"]
[Black "Cervello Tost, Ferran"]
[Result "1/2-1/2"]
[WhiteElo "1698"]
[BlackElo "1880"]
[PlyCount "156"]
[EventDate "2011.07.12"]
[EventType "swiss"]
[EventRounds "9"]
[EventCountry "ESP"]
[SourceTitle "CBM 143 Extra"]
[Source "ChessBase"]
[SourceDate "2011.08.29"]
[SourceVersion "1"]
[SourceVersionDate "2011.08.29"]
[SourceQuality "1"]

1. e4 d6 2. Nc3 e5 3. Bc4 Nf6 4. d3 Be7 5. f4 exf4 6. Bxf4 c6 7. Bb3 0-0 8. Nf3 a5 9. Qd2 Nbd7 10. a3 Nc5 11. Ba2 b5 12. 0-0 b4 13. axb4 axb4 14. Ne2 Be6 15. Bxe6 Nxe6 16. Qxb4 Rxa1 17. Rxa1 d5 18. Qb7 dxe4 19. dxe4 Nxf4 20. Nxf4 Qd6 21. Nd3 Nxe4 22. Qb3 Nc5 23. Qc4 Nxd3 24. Qxd3 Qc5+ 25. Nd4 Rd8 26. c3 Bf6 27. Kf1 Qb6 28. Qc2 Bxd4 29. cxd4 Qxd4 30. Re1 c5 31. Re4 Qf6+ 32. Ke2 g6 33. Qxc5 Qxb2+ 34. Kf3 Rd3+ 35. Re3 Qf6+ 36. Ke2 Rxe3+ 37. Qxe3 Kg7 38. Qc5 h5 39. h3 Qe6+ 40. Kf3 Qb3+ 41. Kf2 Qb2+ 42. Kf3 Qf6+ 43. Ke2 g5 44. Qb4 Kg6 45. Qe4+ Qf5 46. Qa8 Qe5+ 47. Kf2 Qd4+ 48. Ke2 h4 49. Qg8+ Qg7 50. Qb8 Qf6 51. Qg8+ Kf5 52. Qh7+ Qg6 53. Qh8 Qe6+ 54. Kf2 Qa2+ 55. Kg1 Qb1+ 56. Kh2 Qb6 57. Qc8+ Qe6 58. Qc2+ Kf6 59. Qf2+ Kg6 60. Kh1 Qf6 61. Qc2+ Kg7 62. Qd3 Qa1+ 63. Kh2 Qe5+ 64. Kh1 Kf6 65. Qf3+ Kg6 66. Qd3+ f5 67. Qc2 Kh5 68. Qd1+ g4 69. hxg4+ fxg4 70. Qf1 Qd5 71. Kg1 Qd4+ 72. Kh1 Qd5 73. Kg1 Kg5 74. Qc1+ Kf5 75. Qf1+ Ke5 76. Qe1+ Qe4 77. Qxh4 Qd4+ 78. Kh2 Kd5 1/2-1/2